| 000 | 00826nam a2200277 4500 | ||
|---|---|---|---|
| 001 | 2036 | ||
| 010 | _a9789720722256 | ||
| 021 |
_aPT _b539262/24 |
||
| 090 | _a2036 | ||
| 100 | _a20260130d2025 c||y0pory50030103ba | ||
| 101 | _apor | ||
| 102 | _aPT | ||
| 200 |
_aEspreita a IA - Inteligência Artificial _ftexto Alex Frith, Victoria M. Williams _gil. Beatrix Hatcher _gadapt. Sérgio Gonçalves |
||
| 205 | _a1ª edição | ||
| 210 |
_aPorto _cPorto Editora _d2025 |
||
| 215 |
_a14, [1] p. _cil. _d29 cm |
||
| 225 | _aEspreita | ||
| 300 | _aBMB-Registado | ||
| 606 |
_9863 _aLiteratura Infantil |
||
| 675 |
_a087.5 _vBMB _zpor |
||
| 700 |
_aFrith _bAlex _92916 |
||
| 701 |
_aWilliams _bVictoria M. _4070 _92917 |
||
| 701 |
_aHatcher _bBeatrix _4440 _92918 |
||
| 702 |
_92919 _aGonçalves _bSérgio _4010 |
||
| 801 |
_aPT _bBMB _gRPC |
||
| 990 | _cLIVROS | ||